| 000 | 00974cam a22002898a 4500 | ||
|---|---|---|---|
| 001 | 14774500 | ||
| 003 | OSt | ||
| 005 | 20170227121028.0 | ||
| 008 | 070319s2007 nju 000 0 eng | ||
| 010 | _a 2007011743 | ||
| 020 | _a9780132327930 | ||
| 040 |
_aDLC _cDLC _dDLC |
||
| 050 | 0 | 0 |
_aQA76.9.D3 _bG38 2007 |
| 082 | 0 | 0 |
_a005.75/65 _222 |
| 100 | 1 | _aGaskin, Shelley. | |
| 245 | 1 | 0 |
_aGo! with Basic computer concepts: _bGetting started/ _cShelley Gaskin and Suzanne Marks. |
| 260 |
_aUpper Saddle River, N.J. : _bPearson Prentice Hall, _c2007. |
||
| 263 | _a0705 | ||
| 300 |
_axxix,54p. cm. _bill. _c29cm |
||
| 630 | 0 | 0 | _aMicrosoft Access. |
| 650 | 0 | _aDatabase management. | |
| 700 | 1 | _aMarks, Suzanne. | |
| 856 | 4 | 1 |
_3Table of contents only _uhttp://www.loc.gov/catdir/toc/ecip0713/2007011743.html |
| 906 |
_a7 _brix _corignew _d1 _eecip _f20 _gy-gencatlg |
||
| 942 |
_2lcc _cBK |
||
| 999 |
_c48994 _d48994 |
||